000 00474nam a2200169 i 4500
001 56230
003 ES-MaACL
005 20230906163319.0
007 t|
008 031006s1972 sp ||||1| spa d
100 1 _aDíaz Valcárcel, Emilio.
_944442
245 1 0 _aFiguraciones en el mes de marzo /
_cEmilio Díaz Valcárcel.
250 _a[1ª ed.].
260 _aBarcelona :
_bSeix Barral,
_c[1972]
300 _a329 p. ;
_c20 cm.
852 _aES-MaACL
_jC-42819
_bR.81303
999 _c56230
_d56230